Provincias aleatorias de España secuencialmente en un mapa - Estadísticas

Estadísticas generales
  • Esta prueba ha sido intentada 6.496 veces
  • La puntuación promedio es 40 de 50
Respuestas en el mapa
Las respuestas están codificadas por una escala verde-roja en el mapa de la prueba según el % correcto abajo.
 
Estadísticas de respuestas
Provincia % Correcto
Cádiz
82%
Islas Baleares
82%
Madrid
82%
Murcia
82%
Alicante
81%
Almería
81%
Asturias
81%
Barcelona
81%
Castellón
81%
Gerona
81%
Huelva
81%
Huesca
81%
La Coruña
81%
Las Palmas
81%
Lérida
81%
Málaga
81%
Santa Cruz de Tenerife
81%
Tarragona
81%
Valencia
81%
Zaragoza
81%
Albacete
80%
Badajoz
80%
Cáceres
80%
Cantabria
80%
Ciudad Real
80%
Córdoba
80%
Granada
80%
Jaén
80%
León
80%
Lugo
80%
Navarra
80%
Orense
80%
Salamanca
80%
Sevilla
80%
Teruel
80%
Álava
79%
Burgos
79%
Cuenca
79%
Guadalajara
79%
La Rioja
79%
Palencia
79%
Pontevedra
79%
Toledo
79%
Valladolid
79%
Vizcaya
79%
Zamora
79%
Ávila
78%
Guipúzcoa
78%
Segovia
78%
Soria
78%
No se encontraron pruebas coincidentes
Distribución de puntuación
Porcentaje de gente con cada puntuación
Porcentaje por número respondido
Historial de tus puntuaciones
No has intentado esta prueba.